000 00411nam a2200133Ia 4500
008 231221s9999 xx 000 0 und d
020 _a978-0-387-38269-2
041 _aEnglish
100 _aLuis M. Camarinha-Matos, Hamideh Afsarmanesh, Martin Ollus
245 0 _aNetwork-Centric Collaboration and Supporting Frameworks
260 _c2006
_bSpringer US
_aNew York
650 _aComputer Science
942 _cEB
999 _c218171
_d218171